100 Cities by Letter - I - Statistics

General Stats
  • This quiz has been taken 1,740 times
  • The average score is 24 of 100
Answer Stats
Hint City % Correct
Capital of Pakistan Islamabad
97%
Sits on the Bosphorus Istanbul
93%
Party island town of Spain Ibiza
82%
Motor racing city in Midwest Indianapolis
80%
2x Winter Olympics host Innsbruck
78%
Turkish city formerly called "Smyrna" İzmir
77%
"Capital" of the Scottish highlands Inverness
75%
Where Seoul's major airport is Incheon
69%
City near the above whose name is thefirst half of an island ending in "Jima" Iwo
68%
Nigeria's largest city before Lagos Ibadan
62%
Siberian city near Lake Baikal Irkutsk
62%
Three-letter major city in Yemen;a double letter comes after the I Ibb
58%
Town in Mallorca or an Andean empire Inca
58%
City in western Ukraine or if Russia's "terrible" czar's name was Spanishized {Ivano}-Frankivsk
53%
Capital of Nunavut, Canada Iqaluit
49%
Cornell University location Ithaca
47%
University of Iowa's main campus Iowa City
45%
County town of Suffolk Ipswich
44%
Main city of the Filipino island of Basilannamed for a Spanish queen Isabela
43%
Biggest city in Madhya Pradesh, India Indore
42%
Michiganian city named for the mineral found in its vicinity {Iron} Mountain
42%
Site of Naqshe Jahan Square Isfahan
42%
Sardinian city or a famous Julio Iglesias
41%
Los Angeles suburb that grew from10,000 in 1970 to 300,000 today Irvine
40%
Dallas suburb and ExxonMobil HQ Irving
40%
Capital of Romania, 1916–1918 Iași
36%
Idahoan city on the Snake River Idaho Falls
34%
Los Angeles suburb Inglewood
33%
Ayrton Senna died in a crash duringa race in this Italian city Imola
32%
Biggest city in Peruvian Amazon forest Iquitos
32%
Mr. Zlatan or the main city of Oman's Ash Sharqiyah North governorate Ibra
31%
Illuminati founding city in Bavaria Ingolstadt
31%
Turkish spelling of the city Sparta Isparta
29%
City in Nigeria's Oyo state with namesake of one of country's tribes {Igbo}-Ora
26%
Alaskan dog sled race namesake Iditarod
24%
Southernmost city in New Zealand Invercargill
24%
Russian border crossing to Estonia whose name is Russian for "Johnstown" Ivangorod
23%
"Island view" in California where a22-year old man killed 6 people in 2014 Isla Vista
22%
Michiganian city or a Greek region Ionia
21%
Oblast capital called the "Russian Manchester" Ivanovo
21%
Peruvian city effected by the 2007 earthquake Ica
20%
Free port in northern Chile Iquique
20%
Capital of Udmurtia, Russia Izhevsk
20%
Coachella Music Festival Indio
19%
Located at the easternmost edge of the Sea of Marmara İzmit
19%
Birthplace of Harry S Truman Independence
18%
Capital of Epirus, Greece Ioannina
18%
Jordan's third-biggest city Irbid
18%
Former Spanish Philippines capitalon the island of Panay Iloilo
16%
Minnesotan city called the "Icebox of the Nation" {International}Falls
16%
Gateway to the Bernese Oberlandof the Swiss Alps Interlaken
15%
Capital of Perak, Malaysia Ipoh
15%
Ecuadorian city located 90 km northeast of Quito Ibarra
13%
Syrian city that was capturedby the rebels in 2015 Idlib
13%
City in central Poland that has thecity of Wrocław in its name Inowrocław
11%
City in southern Turkey that is named for Alexander the Great İskenderun
11%
Paris's main Asian suburb {Ivry}-sur-Seine
11%
Utrecht suburb whose name consistsof a Dutch river and German for "stone" IJsselstein
10%
Main city of Manipur, India Imphal
10%
Slovenian town in the coast Izola
10%
City with the namesake of a prefecture in Greater Tokyo Area Ibaraki
9%
Westernmost province in Liguria, Italy Imperia
9%
Russian town whose name is identicalto the above, but with a different ending Irbit
9%
Austrian ski resort that was a hotspotduring the Covid-19 pandemic Ischgl
9%
Island town in the Gulf of Naples Ischia
9%
Egyptian city where theMuslim Brotherhood was founded Ismailia
9%
Part of the Colombian coffee axis Ibagué
7%
Largest Finnish municipality by area Inari
7%
Largest city in the Sauerland region ofNorth Rhine-Westphalia Iserlohn
7%
Nigerian Yoruba city of the Bronze Head Ifẹ
6%
Second-city of Guanajuato, Mexico Irapuato
6%
Southernmost city in Malay Peninsulaand mainland Eurasia {Iskandar} Puteri
6%
Seattle suburb Issaquah
6%
Korean city home to the world'ssecond-biggest chip maker Icheon
5%
Easternmost Turkish provincial capital Iğdır
5%
Largest city in Fukushima, Japan Iwaki
5%
Ukrainian city on the Danube named for a Turkish pasha Izmail
5%
Iranian provincial capital or anancient civilization in southwestern Iran Ilam
4%
Northern Mindanao's second-largest city Iligan
4%
Provincial capital in Mai-Ndombe, D.R. Congo Inongo
4%
City in southeastern Iran whose nameliterally means "Iran City" Iranshahr
4%
One of the two province of Molise, Italy Isernia
4%
Capital of Arunachal Pradesh, India Itanagar
4%
Third-biggest city in Chiba prefecture, Japan Ichikawa
3%
South Korea's "City of Jewelry" Iksan
2%
Luzonian provincial capital whose name is almost identical to the above Ilagan
2%
"Flag capital of the Philippines" Imus
2%
Hometown of B. B. King in Mississippi Indianola
2%
Charlotte suburb Indian Trail
2%
One of the first cities in Mozambique to be colonized by Portugal Inhambane
2%
Tanzanian city near theRuaha National Park Iringa
2%
Also type of Spanish cheese Idiazabal
1%
Swiss town that calls itself the "First city on the Rhine" Ilanz/Glion
1%
City in Haryana, India or a type ofblack and white lemur Indri
1%
Northwestern Turkish city or a type of meatball İnegöl
1%
Moroccan city that is a suburb of Agadir Inezgane
1%
Largest city between Tajikistan'stwo largest cities Istaravshan
1%
Major city in eastern Nepal Itahari
1%
Historical shoemaking Flemish city Izegem
1%
Capital of the northernmost departmentin Rep. of the Congo Impfondo
0%
No matching quizzes found
Score Distribution
Percent of People with Each Score
Percentile by Number Answered
Your Score History
You have not taken this quiz